Challenges in the field of economic and financial crime in Europe and the US
Збережено в:
| Автори: | , |
|---|---|
| Формат: | Книга |
| Мова: | Англійська |
| Опубліковано: |
Oxford
Hart Publishing
2017
|
| Редагування: | 1a. ed |
| Серія: | Hart Studies in European Criminal Law
|
| Предмети: | |
| Теги: |
Додати тег
Немає тегів, Будьте першим, хто поставить тег для цього запису!
|
MARC
| LEADER | 00000cam a2200000 a 4500 | ||
|---|---|---|---|
| 001 | UCC9460 | ||
| 003 | CL-VaPUC | ||
| 008 | 190927e20170000uk |||||||||||||||||eng|d | ||
| 020 | |a 9781509908035 | ||
| 082 | 0 | 4 | |a 364.168 |b LIG |2 21 |
| 100 | 0 | |a Ligeti, Katalin |e author |9 604542 | |
| 700 | 0 | |a Franssen, Vanessa |e author |9 604543 | |
| 245 | 1 | 0 | |a Challenges in the field of economic and financial crime in Europe and the US |
| 250 | |a 1a. ed | ||
| 300 | |a 296 p | ||
| 942 | |c BK | ||
| 945 | |d 20190927 15:31:00 |a dcastane | ||
| 260 | |a Oxford |b Hart Publishing |c 2017 | ||
| 650 | 0 | |a Criminología |9 256168 | |
| 650 | 7 | |a DELITOS DE CUELLO BLANCO |2 CL-VaPUC |9 523761 | |
| 583 | |a last modification |c 20190927 15:31:00 |k Rodrigo Vera | ||
| 490 | 0 | |a Hart Studies in European Criminal Law | |
| 999 | |c 375641 |d 375639 | ||
| 952 | |0 0 |1 0 |3 erd |4 0 |6 364_168000000000000_LIG_2017 |7 0 |8 WP_COW |9 561459 |a BIBDER |b BIBDER |e Fundación W and P Cowley |i 5603161 |l 1 |m 2 |o 364.168 LIG 2017 |p 5603161 |r 2024-05-02 |s 2024-04-19 |w 2020-03-12 |y BK |z Catalogado en:20190927 |k WPC | ||